| 000 | 00675nam a2200205 a 4500 | ||
|---|---|---|---|
| 001 | 62191 | ||
| 005 | 20180714064121.0 | ||
| 008 | 150305s2000 xxu 000 0 spa d | ||
| 020 | _a0-8308-1580-5 | ||
| 082 | 0 |
_a261.55 _bRAT |
|
| 100 | 1 |
_aRatzsch, Delvin Lee, _d1945 _eautor |
|
| 245 | 1 | 0 |
_aScience & its limits : _bthe natural sciences in christian perspective / _hDel Ratzsch |
| 250 | _aSegunda edición | ||
| 264 | 1 |
_aEstados Unidos de America : _bInter Varsity Press, _c2000 |
|
| 300 |
_a191 páginas ; _c21 cm. |
||
| 336 |
_atexto _2rdacontent |
||
| 337 |
_asin mediación _2rdamedia |
||
| 338 |
_avolumen _2rdacarrier |
||
| 650 | 0 | 4 | _aReligion y ciencia |
| 999 |
_c62191 _d62191 |
||